000 00689 a2200253 4500
260 _aAlger
630 _a33 - Economie. Economie politique
037 _b1, Achat
650 _a3 - SCIENCES SOCIALES
100 _aSid-Ahmed, Abdelkader
260 _bOffice des publications universitaires
245 _aDéveloppement sans croissance : l'expérience des économies pétrolières du tiers-monde
300 _a524 p.
650 _aCroissance économique
650 _aEconomie : développement
260 _c[1983]
300 _b22 cm
100 _lFr
037 _aDE 4152
650 _aDéveloppement économique
650 _aTiers-monde
999 _c38575
_d38575